Automation-Informatics-Communication-Artificial Intelligence, Past, Present and Future

Príspevok prezentuje súčasný stav výskumu pokročilých metód riadenia, riadiacich štruktúr, informačných a komunikačných technológií AI a ich aplikácie na rôzne typy priemyselných procesov. V tomto príspevku analyzujeme metodológiu a základné spoločné princípy štyroch blízkych vedných disciplín: auto...

Full description

Saved in:
Bibliographic Details
Main Author: Frešo, Pavol
Other Authors: Kozák, Štefan, Štefanovič, Juraj
Format: Book Chapter
Language:English
Subjects:
Tags: Add Tag
No Tags, Be the first to tag this record!

MARC

LEADER 00000naa a2200000 4500
001 0308101
005 20250410132055.0
041 0 |a eng 
044 |a SK 
245 1 0 |a Automation-Informatics-Communication-Artificial Intelligence, Past, Present and Future  |c Pavol Frešo, Štefan Kozák, Juraj Štefanovič 
520 |a Príspevok prezentuje súčasný stav výskumu pokročilých metód riadenia, riadiacich štruktúr, informačných a komunikačných technológií AI a ich aplikácie na rôzne typy priemyselných procesov. V tomto príspevku analyzujeme metodológiu a základné spoločné princípy štyroch blízkych vedných disciplín: automatizácia, informačné, komunikačné technológie a mechatronika. Automatizácia, IKT, AI a mechatronika sa v dnešnej digitálnej spoločnosti stávajú čoraz dôležitejšou disciplínou. Automatizačnou technikou sa rozumie použitie takých metód, riadiacich stratégií, procesov a inštalácií (hardvérových a softvérových), ktoré dokážu plniť definované ciele bez neustáleho zasahovania človeka do značnej miery nezávislým spôsobom, t. j. automaticky. 
610 2 0 |a siete neurónové 
610 2 0 |a automatizácia 
610 2 0 |a technológie komunikačné 
610 2 0 |a inžinierstvo informačné 
100 1 |a Frešo, Pavol 
700 1 |a Kozák, Štefan 
700 1 |a Štefanovič, Juraj